000
00497nam a2200181Ia 4500
008
090124s9999 xx 000 0 und d
082
_b
44959
100
_a
कर्वे आनंद
245
_a
आधी बीज एकले
250
_a
1
260
_c
2006
300
_a
160
600
_a
कर्वे आनंद
630
_a
आधी बीज एकले
700
_a
कर्वे आनंद
730
_a
आधी बीज एकले
942
_c
BOOK
999
_c
111181
_d
111181